000 00714nam a2200217Ia 4500
005 20250508163741.0
008 008 250505s9999 xx 000 0 eng d
020 _a0-335-20171-7
037 _aReference
040 _aFEDL
_beng
_cFEDL
041 _aeng
_2eng
084 _a378.125, BIG
_qFEDL
100 _aBiggs John
245 0 _aTeaching for quality learning at University: What the student does
260 _aBuckingham, UK
_bBuckingham Society for Research into Higher Education and Open University Press
_c1999
300 _axiv,250p
365 _aGBP
_b16.99
650 _aHigher education; Effective teaching
_9776186
942 _cREF
_h378.125, BIG
999 _c1385058
_d1385058